Biblioteca y Centro de Documentación

Derecho al honor, a la intimidad y a la propia imagen (Registro nro. 9155)

Detalles MARC
000 -CABECERA
Longitud fija campo de control 01382nam a2200421 c 4500
001 - NÚMERO DE CONTROL
Número de control 9155
003 - IDENTIFICADOR DE NÚMERO DE CONTROL
Identificador del número de control ES-MaCES
005 - FECHA Y HORA DE LA ÚLTIMA TRANSACCIÓN
Fecha y hora de la última transacción 20170411124022.0
008 - CAMPO FIJO DE DESCRIPCIÓN FIJA--INFORMACIÓN GENERAL
Códigos de información de longitud fija   990629s1999 sp f000 | spa d
017 ## - NÚMERO DE REGISTRO DE DERECHOS DE AUTOR Y DEPÓSITO LEGAL
Número de copyright o de depósito legal M 46605-1998
Agencia que asigna el número DL
020 ## - ISBN (INTERNATIONAL STANDARD BOOK NUMBER)
Número Internacional Normalizado para Libros (ISBN) 8489324328
035 ## - NÚMERO DE CONTROL DEL SISTEMA
Número de control del sistema CES19990010821m
040 ## - FUENTE DE CATALOGACIÓN
Centro catalogador de origen ES-MaCES
Lengua de catalogación spa
Centro transcriptor ES-MaCES
245 00 - MENCIÓN DE TÍTULO
Título Derecho al honor, a la intimidad y a la propia imagen
Número de parte o sección de la obra II
Mención de responsabilidad, etc. director, Eduardo Torres-Dulce Lifante
260 ## - PUBLICACIÓN, DISTRIBUCIÓN, ETC (PIE DE IMPRENTA)
Lugar de publicación, distribución, etc. Madrid
Nombre del editor, distribuidor, etc. Consejo General del Poder Judicial
Fecha de publicación, distribución, etc. 1999
300 ## - DESCRIPCIÓN FÍSICA
Extensión 333 p.
Dimensiones 22 cm
490 1# - MENCIÓN DE SERIE
Mención de serie Cuadernos de derecho judicial
Designación de volumen o secuencia 1-1998
504 ## - NOTA DE BIBLIOGRAFÍA, ETC.
Nota de bibliografía, etc. Bibliografía
541 ## - NOTA DE LA FUENTE INMEDIANTE DE ADQUISICIÓN
Forma de adquisición Gratuito
650 #4 - ASIENTO SECUNDARIO DE MATERIA--TÉRMINO DE MATERIA
Término de materia o nombre geográfico como elemento inicial vida privada
9 (RLIN) 29238
650 #4 - ASIENTO SECUNDARIO DE MATERIA--TÉRMINO DE MATERIA
Término de materia o nombre geográfico como elemento inicial hogar
9 (RLIN) 27911
650 #4 - ASIENTO SECUNDARIO DE MATERIA--TÉRMINO DE MATERIA
Término de materia o nombre geográfico como elemento inicial derechos civiles
9 (RLIN) 30100
650 #4 - ASIENTO SECUNDARIO DE MATERIA--TÉRMINO DE MATERIA
Término de materia o nombre geográfico como elemento inicial derechos humanos
9 (RLIN) 27171
650 #4 - ASIENTO SECUNDARIO DE MATERIA--TÉRMINO DE MATERIA
Término de materia o nombre geográfico como elemento inicial delito
9 (RLIN) 27046
650 #4 - ASIENTO SECUNDARIO DE MATERIA--TÉRMINO DE MATERIA
Término de materia o nombre geográfico como elemento inicial sociedad
9 (RLIN) 27269
650 #4 - ASIENTO SECUNDARIO DE MATERIA--TÉRMINO DE MATERIA
Término de materia o nombre geográfico como elemento inicial tribunal supremo
9 (RLIN) 29919
650 #4 - ASIENTO SECUNDARIO DE MATERIA--TÉRMINO DE MATERIA
Término de materia o nombre geográfico como elemento inicial jurisprudencia
9 (RLIN) 28624
650 #4 - ASIENTO SECUNDARIO DE MATERIA--TÉRMINO DE MATERIA
Término de materia o nombre geográfico como elemento inicial código penal
9 (RLIN) 30032
650 #4 - ASIENTO SECUNDARIO DE MATERIA--TÉRMINO DE MATERIA
Término de materia o nombre geográfico como elemento inicial España
9 (RLIN) 26964
653 10 - TÉRMINO DE INDEXACIÓN--NO CONTROLADO
Término no controlado Derecho constitucional
610 14 - ASIENTO SECUNDARIO DE MATERIA--NOMBRE CORPORATIVO
9 (RLIN) 5060
Nombre de entidad corporativa o nombre de jurisdicción como elemento inicial Tribunal Europeo de Derechos Humanos
700 1# - ENCABEZAMIENTO SECUNDARIO--NOMBRE PERSONAL
Nombre de persona Torres-Dulce Lifante, Eduardo
Término indicativo de función dir.
9 (RLIN) 25067
710 1# - ENCABEZAMIENTO SECUNDARIO--NOMBRE CORPORATIVO
Nombre de entidad o nombre de jurisdicción como elemento inicial España
Unidad subordinada Consejo General del Poder Judicial
Término indicativo de función ed.
9 (RLIN) 2750
830 #0 - ENCABEZAMIENTO SECUNDARIO DE COLECCIÓN--TÍTULO UNIFORME
Título uniforme Cuadernos de derecho judicial
Designación de volumen o secuencia 1-1998
9 (RLIN) 32957
902 ## - CES. TIPO DE DOCUMENTO
Tipodoc (006$c Sirtex) LIB Libro
942 ## - ELEMENTOS KOHA
Fuente de clasificaión o esquema Clasificación propia del CES
Koha [por defecto] tipo de item Monografías
Parte de clasificación 6.0.3.
Existencias
Número de registro Signatura completa Tipo de item de Koha
031068 DPT-9573 Monografías
© CES, Consejo Económico y Social de España 2021